Get the Picture: 2010s NBC Sitcoms Quiz Stats

 Plays Quiz Updated Oct 22, 2019

Score 0/16 Timer 02:00
1 Play Today
Question Answer Wrong Answers
Dwight Schrute Office
91%
30 Rock
1.9%
Parks and Rec
1.7%
Community
0.6%
Pam Beesly Office
88.7%
30 Rock
2.4%
Parks and Rec
2.5%
Community
1.5%
Liz Lemon 30 Rock
87.4%
Office
2%
Parks and Rec
3.4%
Community
2.6%
Ron Swanson Parks and Rec
84.7%
30 Rock
3.2%
Office
4.9%
Community
1.8%
Phyllis Lapin Office
79.4%
30 Rock
4.6%
Parks and Rec
4.7%
Community
6.3%
Abed Nadir Community
77.6%
30 Rock
3.6%
Office
3.9%
Parks and Rec
9.8%
Ben Chang Community
75.6%
30 Rock
5.2%
Office
4.4%
Parks and Rec
9.2%
Kenneth Parcell 30 Rock
72.8%
Office
7%
Parks and Rec
7.1%
Community
8.1%
Britta Perry Community
71.8%
30 Rock
9.1%
Office
4.8%
Parks and Rec
8.8%
Creed Bratton Office
71.7%
30 Rock
6.2%
Parks and Rec
6.1%
Community
10.5%
Tom Haverford Parks and Rec
71.6%
30 Rock
8.2%
Office
7.5%
Community
7.1%
Jenna Maroney 30 Rock
68.9%
Office
12.4%
Parks and Rec
6.4%
Community
6.8%
Troy Barnes Community
67.8%
30 Rock
11.4%
Office
7.1%
Parks and Rec
8.8%
Li'l Sebastian Parks and Rec
64.9%
30 Rock
8.5%
Office
3.3%
Community
17.6%
Mark Brendanawicz Parks and Rec
57.9%
30 Rock
12.2%
Office
8%
Community
16.3%
Pete Hornberger 30 Rock
52.7%
Office
10.5%
Parks and Rec
15.2%
Community
15.6%

Today's Daily Dose

Word Ladder
Lean on Me

Get the Picture
Superhero by Villain

You're not logged in!

Compare scores with friends on all Sporcle quizzes.
OR
Log In

Sporcle TV

Today on Sporcle TV


Watch our educational content, quiz creation guides, and fun videos on Sporcle TV.

Show Comments

Extras

Top Quizzes Today


Score Distribution

Your Account Isn't Verified!

In order to create a playlist on Sporcle, you need to verify the email address you used during registration. Go to your Sporcle Settings to finish the process.

Report this User

Report this user for behavior that violates our Community Guidelines.

Details: